El ocaso de la Comintern, 1930-1935 / (Record no. 39957)

MARC details
000 -LEADER
campo de control de longitud fija 00755nam a2200229 i 4500
001 - NÚMERO DE CONTROL
campo de control 39957
003 - IDENTIFICADOR DE NÚMERO DE CONTROL
campo de control ES-MaACL
005 - FECHA Y HORA DE LA ÚLTIMA TRANSACCIÓN
campo de control 20240229063308.0
007 - CAMPO FIJO DE DESCRIPCIÓN FÍSICA--INFORMACIÓN GENERAL
campo de control de longitud fija t|
008 - DATOS DE LONGITUD FIJA--INFORMACIÓN GENERAL
campo de control de longitud fija 030304s1986 sp ||||1| spa d
020 ## - NÚMERO INTERNACIONAL ESTÁNDAR DEL LIBRO
Número Internacional Estándar del Libro 84-206-2455-1
100 0# - ENTRADA PRINCIPAL--NOMBRE DE PERSONA
Nombre de persona Carr, Edward Hallett,
Fechas asociadas al nombre 1892-1982
9 (RLIN) 35467
245 13 - MENCIÓN DEL TÍTULO
Título El ocaso de la Comintern, 1930-1935 /
Mención de responsabilidad, etc. E. H. Carr ; versión española de Fernando Santos Fontenla.
260 ## - PUBLICACIÓN, DISTRIBUCIÓN, ETC.
Lugar de publicación, distribución, etc. Madrid :
Nombre del editor, distribuidor, etc. Alianza,
Fecha de publicación, distribución, etc. [1986]
300 ## - DESCRIPCIÓN FÍSICA
Extensión 487 p. ;
Dimensiones 20 cm.
490 1# - MENCIÓN DE SERIE
Mención de serie Alianza universidad. Historia ;
Designación de volumen o secuencia 455
500 ## - NOTA GENERAL
Nota general Indice.
700 1# - ENTRADA AGREGADA--NOMBRE PERSONAL
Nombre de persona Santos Fontenla, Fernando.
9 (RLIN) 103502
830 0# - PUNTO DE ACCESO ADICIONAL DE SERIE-TÍTULO UNIFORME
Título uniforme Alianza universidad. Historia ;
Designación de volumen o secuencia 455
9 (RLIN) 177525
852 ## - LOCALIZACIÓN
Ubicación ES-MaACL
Número de control de estantería L-10869
Sublocalización o colección R.112522
Holdings
Estatus retirado Estado de pérdida Estado de daño No para préstamo Biblioteca de origen Biblioteca actual Ubicación en estantería Fecha de adquisición Fuente de adquisición Total de préstamos Signatura topográfica completa Código de barras Visto por última vez Precio de reemplazo Tipo de ítem Koha
        Biblioteca del Ateneo de Madrid Biblioteca del Ateneo de Madrid Depósito 2 17/01/2008     L-10869 1042073 23/02/2023 23/02/2023 Libro impreso